[Event "Groningen op-A"]
[Site "Groningen"]
[Date "2006.12.29"]
[Round "8"]
[White "Belle, Erika"]
[Black "Otte, Marijn Willem"]
[Result "1/2-1/2"]
[WhiteElo "1962"]
[BlackElo "2117"]
[PlyCount "43"]
[EventDate "2006.12.23"]
[EventType "swiss"]
[EventRounds "9"]
[EventCountry "NED"]
[SourceTitle "CBM 116 Extra"]
[Source "ChessBase"]
[SourceDate "2007.03.07"]
[SourceVersion "1"]
[SourceVersionDate "2007.03.07"]
[SourceQuality "1"]

1. Nf3 Nf6 2. g3 g6 3. Bg2 Bg7 4. c4 0-0 5. 0-0 d6 6. d4 Nbd7 7. Nc3 e5 8. dxe5 dxe5 9. Qc2 c6 10. Rd1 Qc7 11. h3 Nc5 12. Be3 Ne6 13. a4 Bd7 14. a5 Nh5 15. Ne4 f5 16. Nc5 Rfd8 17. Rxd7 Rxd7 18. Nxe6 Qd6 19. Nxg7 Nxg7 20. Qc3 e4 21. Bf4 Qe7 22. Bg5 1/2-1/2

[Event "Groningen op-A"]
[Site "Groningen"]
[Date "2004.12.22"]
[Round "2"]
[White "Belle, Erika"]
[Black "Heemskerk, Wim"]
[Result "1-0"]
[WhiteElo "2014"]
[BlackElo "2269"]
[PlyCount "67"]
[EventDate "2004.12.21"]
[EventType "swiss"]
[EventRounds "9"]
[EventCountry "NED"]
[SourceTitle "CBM 104 Extra"]
[Source "ChessBase"]
[SourceDate "2005.03.01"]
[SourceVersion "1"]
[SourceVersionDate "2005.03.01"]
[SourceQuality "1"]

1. c4 e5 2. g3 Bc5 3. Bg2 d6 4. Nc3 Nf6 5. e3 0-0 6. Nge2 c6 7. a3 a5 8. 0-0 Bb6 9. d3 Re8 10. Bd2 Nbd7 11. b4 Nf8 12. Qc2 h6 13. Rab1 N8h7 14. Na4 Bc7 15. b5 c5 16. b6 Bb8 17. Rb5 Ng5 18. Rxa5 Rxa5 19. Bxa5 Nh3+ 20. Kh1 Qd7 21. Ng1 Nxg1 22. Kxg1 h5 23. Nc3 h4 24. Nd5 Nh7 25. f4 exf4 26. gxf4 h3 27. Bf3 Rxe3 28. Nxe3 d5 29. Nxd5 Bxf4 30. Nxf4 Qd4+ 31. Qf2 Qxf4 32. Bd5 Qg4+ 33. Kh1 Nf6 34. Rg1 1-0

[Event "Dieren op"]
[Site "Dieren"]
[Date "1999.07.28"]
[Round "9"]
[White "Belle, Erika"]
[Black "Remmel, Tim"]
[Result "0-1"]
[WhiteElo "2029"]
[BlackElo "2201"]
[PlyCount "72"]
[EventDate "1999.07.20"]
[EventType "swiss"]
[EventRounds "9"]
[EventCountry "NED"]
[SourceTitle "CBM 071 Extra"]
[Source "ChessBase"]
[SourceDate "1999.09.14"]
[SourceVersion "1"]
[SourceVersionDate "1999.09.14"]
[SourceQuality "1"]

1. e4 d5 2. exd5 Qxd5 3. Nc3 Qa5 4. d4 c6 5. Nf3 Nf6 6. Bd3 Bg4 7. h3 Bh5 8. Bd2 Qc7 9. Qe2 e6 10. g4 Bg6 11. 0-0-0 Nbd7 12. Ne5 Nxe5 13. dxe5 Bxd3 14. Qxd3 Nd7 15. f4 0-0-0 16. Qe2 Be7 17. Kb1 Kb8 18. Rhf1 Ka8 19. Rde1 Rhe8 20. Ne4 Nb6 21. Ba5 Rd5 22. Bxb6 Qxb6 23. Nc3 Ba3 24. b3 Rd4 25. Ne4 Qa5 26. c3 Rd5 27. Rd1 c5 28. Nd6 Rd8 29. Nc4 Qxc3 30. Qc2 Bb4 31. f5 Qxh3 32. fxe6 fxe6 33. a3 Bc3 34. Rh1 Rxd1+ 35. Rxd1 Bd4 36. Qe4 Qxb3+ 0-1

[Event "Dieren op"]
[Site "Dieren"]
[Date "1999.07.25"]
[Round "6"]
[White "Belle, Erika"]
[Black "Kabanov, Nikolai"]
[Result "1/2-1/2"]
[WhiteElo "2029"]
[BlackElo "2265"]
[PlyCount "85"]
[EventDate "1999.07.20"]
[EventType "swiss"]
[EventRounds "9"]
[EventCountry "NED"]
[SourceTitle "CBM 071 Extra"]
[Source "ChessBase"]
[SourceDate "1999.09.14"]
[SourceVersion "1"]
[SourceVersionDate "1999.09.14"]
[SourceQuality "1"]

1. e4 Nc6 2. Nf3 d6 3. d4 Nf6 4. Nc3 Bg4 5. Be3 a6 6. Be2 e5 7. d5 Ne7 8. Nd2 Bd7 9. 0-0 h6 10. a4 g5 11. Re1 Ng6 12. g3 Be7 13. Bf1 Ng4 14. f3 Nxe3 15. Rxe3 Qc8 16. a5 h5 17. Na4 g4 18. Rc3 Qd8 19. b4 h4 20. fxg4 hxg3 21. Rxg3 Bh4 22. Rc3 Nf4 23. Nb2 Rg8 24. h3 f5 25. exf5 Bxf5 26. Qf3 Qd7 27. Nd3 Bxg4 28. hxg4 Rxg4+ 29. Kh1 Rg3 30. Nxf4 Rxf3 31. Nxf3 exf4 32. Nxh4 Qg4 33. Re1+ Kf7 34. Rxc7+ Kf8 35. Rh7 Rc8 36. Bd3 Qh3+ 37. Kg1 Qg3+ 38. Kf1 Kg8 39. Re2 f3 40. Re6 Qh3+ 41. Kf2 Qh2+ 42. Kf1 Qh1+ 43. Kf2 1/2-1/2

[Event "Dieren op"]
[Site "Dieren"]
[Date "1999.07.24"]
[Round "5"]
[White "Tare, Marenglan"]
[Black "Belle, Erika"]
[Result "1/2-1/2"]
[WhiteElo "2139"]
[BlackElo "2029"]
[PlyCount "54"]
[EventDate "1999.07.20"]
[EventType "swiss"]
[EventRounds "9"]
[EventCountry "NED"]
[SourceTitle "CBM 071 Extra"]
[Source "ChessBase"]
[SourceDate "1999.09.14"]
[SourceVersion "1"]
[SourceVersionDate "1999.09.14"]
[SourceQuality "1"]

1. d4 Nf6 2. Nf3 d5 3. c4 e6 4. Nc3 Be7 5. Bg5 c6 6. e3 Qa5 7. Qc2 Nbd7 8. cxd5 exd5 9. Bd3 h6 10. Bh4 a6 11. 0-0 0-0 12. a3 Re8 13. b4 Qd8 14. Na4 Ne4 15. Bxe7 Qxe7 16. Nc5 Ng5 17. Nd2 Nf8 18. Bf5 Bxf5 19. Qxf5 g6 20. Qf4 Kh7 21. Rab1 b6 22. Na4 Nfe6 23. Qg3 b5 24. Nc3 Ng7 25. Nf3 Nf5 26. Qg4 Nxf3+ 27. Qxf3 Nd6 1/2-1/2

[Event "NED-ch (Women)"]
[Site "Dieren"]
[Date "1989.07.26"]
[Round "8"]
[White "Belle, Erika"]
[Black "Drewes, Mariette"]
[Result "0-1"]
[WhiteElo "2125"]
[BlackElo "2080"]
[PlyCount "200"]
[EventDate "1989.07.18"]
[EventType "tourn"]
[EventRounds "9"]
[EventCountry "NED"]
[SourceTitle "EXT 1997"]
[Source "ChessBase"]
[SourceDate "1996.11.15"]
[SourceVersion "1"]
[SourceVersionDate "1996.11.15"]
[SourceQuality "1"]

1. e4 e6 2. d4 d5 3. exd5 exd5 4. Nf3 Bd6 5. c4 Nf6 6. Nc3 0-0 7. cxd5 Re8+ 8. Be2 Nbd7 9. 0-0 Nb6 10. Bb5 Bd7 11. Bd3 Nbxd5 12. Nxd5 Nxd5 13. Ng5 g6 14. Qf3 Be6 15. Be4 c6 16. h3 Nf6 17. Nxe6 Rxe6 18. Bc2 Nd5 19. Bd2 Bc7 20. Rae1 Qd6 21. g3 Rae8 22. Bb3 R6e7 23. Rxe7 Rxe7 24. Bg5 Re8 25. Rc1 Bb6 26. Be3 Qd7 27. Kg2 Qe6 28. Ra1 Qd6 29. Rf1 Re6 30. Rc1 Rf6 31. Qg4 Re6 32. Bh6 f5 33. Qd1 Re4 34. Bf4 Qd7 35. Be5 Kf8 36. Bxd5 Qxd5 37. f3 Re3 38. b3 Qb5 39. Rc2 Qd5 40. Rd2 Rc3 41. Qe2 Ba5 42. Rd1 Bb4 43. Bf4 Kf7 44. g4 a5 45. a3 Bxa3 46. Re1 Bf8 47. gxf5 Qxf5 48. Bh6 Rc2 49. Bd2 Rxd2 50. Qxd2 Bb4 51. Qe2 Bxe1 52. Qxe1 Qc2+ 53. Kg3 Qxb3 54. Qxa5 Qe6 55. Qc7+ Qe7 56. Qf4+ Kg7 57. d5 g5 58. Qd4+ Qf6 59. Qb6 Qd6+ 60. Kg2 Qxd5 61. Qxb7+ Kg6 62. Qe7 Qd2+ 63. Kg1 Qd5 64. Kg2 c5 65. Kg3 c4 66. Qe8+ Kf5 67. Qf8+ Kg6 68. Qe8+ Kf5 69. Qf8+ Ke6 70. Qh6+ Kd7 71. Qxh7+ Kc6 72. Qg7 Qd6+ 73. Kg2 Qd2+ 74. Kg3 c3 75. Qg8 c2 76. Qc8+ Kb5 77. Qb7+ Kc4 78. Qc6+ Kb3 79. Qe6+ Kb2 80. Qb6+ Kc1 81. Qg1+ Qd1 82. Qe3+ Kb2 83. Qb6+ Kc3 84. Qc5+ Kd3 85. Qb5+ Kd2 86. Qxg5+ Ke2 87. Qb5+ Qd3 88. Qc6 Qd2 89. Qc4+ Ke1 90. Qc5 c1Q 91. Qg1+ Ke2 92. Qf2+ Kd3 93. Qxd2+ Qxd2 94. h4 Ke3 95. Kg4 Qg2+ 96. Kf5 Kxf3 97. h5 Qg4+ 98. Kf6 Qxh5 99. Ke6 Qc5 100. Kf6 Kf4 0-1

[Event "NED-ch (Women)"]
[Site "Dieren"]
[Date "1989.07.24"]
[Round "6"]
[White "Belle, Erika"]
[Black "Riemslag, Astrid"]
[Result "0-1"]
[WhiteElo "2125"]
[BlackElo "2115"]
[PlyCount "54"]
[EventDate "1989.07.18"]
[EventType "tourn"]
[EventRounds "9"]
[EventCountry "NED"]
[SourceTitle "EXT 1997"]
[Source "ChessBase"]
[SourceDate "1996.11.15"]
[SourceVersion "1"]
[SourceVersionDate "1996.11.15"]
[SourceQuality "1"]

1. e4 c6 2. d4 d5 3. Nc3 dxe4 4. Nxe4 Nd7 5. Nf3 Ngf6 6. Nxf6+ Nxf6 7. Ne5 Be6 8. Be2 g6 9. 0-0 Bg7 10. c4 0-0 11. Be3 Nd7 12. Nf3 Qa5 13. a3 b5 14. b4 Qa6 15. cxb5 cxb5 16. a4 Bc4 17. Bxc4 bxc4 18. Rc1 Rfc8 19. Qc2 Nb6 20. Ra1 Nd5 21. Rfb1 Qe6 22. Bg5 Qd6 23. b5 h6 24. Bc1 Qe6 25. Ba3 Nf4 26. Ne5 Qd5 27. f3 Qxd4+ 0-1

[Event "NED-ch (Women)"]
[Site "Dieren"]
[Date "1989.07.22"]
[Round "5"]
[White "Vreeken, Corry"]
[Black "Belle, Erika"]
[Result "1/2-1/2"]
[WhiteElo "2180"]
[BlackElo "2125"]
[PlyCount "58"]
[EventDate "1989.07.18"]
[EventType "tourn"]
[EventRounds "9"]
[EventCountry "NED"]
[SourceTitle "EXT 1997"]
[Source "ChessBase"]
[SourceDate "1996.11.15"]
[SourceVersion "1"]
[SourceVersionDate "1996.11.15"]
[SourceQuality "1"]

1. e4 c5 2. Nf3 d6 3. Bb5+ Bd7 4. Bxd7+ Nxd7 5. d4 cxd4 6. Qxd4 Ngf6 7. 0-0 Qb6 8. Nc3 Rc8 9. Qd3 a6 10. Rb1 e6 11. Be3 Qc7 12. Bf4 Be7 13. Rbd1 Ne5 14. Nxe5 dxe5 15. Bg5 h6 16. Bxf6 Bxf6 17. Ne2 0-0 18. c3 Qa5 19. Qb1 Rfd8 20. Ng3 Bg5 21. Rfe1 g6 22. Nf1 Kg7 23. g3 h5 24. h4 Be7 25. Nh2 Qb6 26. Nf3 Bc5 27. Qc2 f6 28. Qe2 Qc7 29. Kg2 Ba7 1/2-1/2

[Event "Olympiad Women-26"]
[Site "Thessaloniki"]
[Date "1984.12.04"]
[Round "14"]
[White "Belle, Erika"]
[Black "Semenova, Lidia K"]
[Result "1/2-1/2"]
[WhiteElo "2060"]
[BlackElo "2225"]
[PlyCount "164"]
[EventDate "1984.11.19"]
[EventType "team-swiss"]
[EventRounds "14"]
[EventCountry "GRE"]
[SourceTitle "EXT 2019"]
[Source "ChessBase"]
[SourceDate "2018.10.10"]
[SourceVersion "1"]
[SourceVersionDate "2018.10.10"]
[SourceQuality "1"]
[WhiteTeam "Netherlands (W)"]
[BlackTeam "Soviet Union (W)"]
[WhiteTeamCountry "NED"]
[BlackTeamCountry "URS"]

1. e4 e5 2. Nf3 Nc6 3. Bb5 Nd4 4. Nxd4 exd4 5. d3 Bc5 6. 0-0 Ne7 7. Qh5 Bb6 8. a4 c6 9. Bc4 0-0 10. Bg5 Qe8 11. Bf4 d5 12. exd5 cxd5 13. Bb3 Be6 14. Nd2 Qd7 15. h3 Nc6 16. Rfe1 Rad8 17. Re2 f6 18. c3 Bf7 19. Qf3 Ba5 20. Rc1 Rfe8 21. Rxe8+ Rxe8 22. Nf1 dxc3 23. bxc3 Ne5 24. Qg3 Kh8 25. d4 Ng6 26. Bd2 Bc7 27. Qf3 Re4 28. Bc2 Nh4 29. Qd3 Bg6 30. Qb5 Re7 31. Qxd7 Rxd7 32. Bb3 Be4 33. f3 Bg6 34. Kf2 Nf5 35. Re1 h5 36. g4 Ne7 37. Bc1 Bd6 38. Bb2 Rc7 39. Ne3 h4 40. Re2 Bf7 41. Ke1 Rc6 42. Kd1 Kg8 43. Kc2 Rb6 44. Ba2 Kf8 45. Bc1 Rc6 46. Ng2 Bg6+ 47. Kd2 Bh7 48. f4 Be4 49. Rxe4 dxe4 50. c4 f5 51. g5 Bb4+ 52. Kc2 Ng6 53. Bb3 Rc7 54. Be3 Bd6 55. Kb2 b6 56. Ka2 Rd7 57. Kb2 Bb4 58. Ba2 Rc7 59. Bb3 Ke8 60. Ba2 Re7 61. Bb3 Bd6 62. Bd1 Nf8 63. Nxh4 g6 64. Ng2 Rh7 65. h4 Ne6 66. Kc3 Nxf4 67. Bxf4 Bxf4 68. Nxf4 Rxh4 69. Nxg6 Rh3+ 70. Kc2 Rg3 71. Nf4 Rxg5 72. Be2 Rg1 73. c5 bxc5 74. dxc5 Ke7 75. Kc3 Ra1 76. Bb5 a6 77. Bxa6 Rxa4 78. Bc4 Ra1 79. Kd4 Ra5 80. Be6 Ra4+ 81. Bc4 Ra5 82. Be6 Ra4+ 1/2-1/2

[Event "Olympiad Women-26"]
[Site "Thessaloniki"]
[Date "1984.11.24"]
[Round "6"]
[White "Belle, Erika"]
[Black "Frometa Castillo, Zirka"]
[Result "1-0"]
[WhiteElo "2060"]
[BlackElo "2130"]
[PlyCount "97"]
[EventDate "1984.11.19"]
[EventType "team-swiss"]
[EventRounds "14"]
[EventCountry "GRE"]
[SourceTitle "EXT 2019"]
[Source "ChessBase"]
[SourceDate "2018.10.10"]
[SourceVersion "1"]
[SourceVersionDate "2018.10.10"]
[SourceQuality "1"]
[WhiteTeam "Netherlands (W)"]
[BlackTeam "Cuba (W)"]
[WhiteTeamCountry "NED"]
[BlackTeamCountry "CUB"]

1. e4 b6 2. d4 Bb7 3. Bd3 d6 4. Nf3 Nd7 5. 0-0 g6 6. Qe2 Bg7 7. Re1 e6 8. c3 Ne7 9. Nbd2 0-0 10. h3 c5 11. Nf1 cxd4 12. Nxd4 Ne5 13. Bb5 a6 14. Ba4 b5 15. Bb3 N7c6 16. Nxc6 Nxc6 17. Bf4 Na5 18. Bc2 Rc8 19. Ne3 Qb6 20. Rad1 e5 21. Bg3 Nc4 22. Nxc4 bxc4 23. Rb1 Qc6 24. f3 f5 25. Kh1 fxe4 26. fxe4 Bh6 27. b4 Rf7 28. Rf1 Bf4 29. Bxf4 exf4 30. Qg4 Rcf8 31. Rbd1 Bc8 32. Qf3 g5 33. Rd5 Rg7 34. Qh5 g4 35. h4 Be6 36. Rg5 Qc7 37. e5 Rxg5 38. Qxg5+ Qg7 39. Rxf4 Rxf4 40. Qxf4 Qxe5 41. Qxe5 dxe5 42. g3 Bd5+ 43. Kg1 Kg7 44. Bf5 Bb7 45. Be6 h5 46. Bxc4 Kf6 47. Kf2 Ke7 48. Ke3 Kf6 49. Bd3 1-0